Enforcing commercial lease terms against successive landlords. Part 2 (Record no. 101424)
[ view plain ]
| 000 -LEADER | |
|---|---|
| fixed length control field | 01090cam a2200253 4500 |
| 001 - CONTROL NUMBER | |
| control field | ABS63883 |
| 008 - FIXED-LENGTH DATA ELEMENTS--GENERAL INFORMATION | |
| fixed length control field | 000000n2001 000 0 eng u |
| 035 ## - SYSTEM CONTROL NUMBER | |
| System control number | (Sirsi) u112404 |
| 100 ## - MAIN ENTRY--PERSONAL NAME | |
| Personal name | Brymer, S. |
| 245 ## - TITLE STATEMENT | |
| Title | Enforcing commercial lease terms against successive landlords. Part 2 |
| 260 ## - PUBLICATION, DISTRIBUTION, ETC. | |
| Date of publication, distribution, etc. | 2001 |
| 490 ## - SERIES STATEMENT | |
| Series statement | Property Law |
| Volume/sequential designation | (50) March 2001, 3--5(3) |
| 520 ## - SUMMARY, ETC. | |
| Summary, etc. | Examines law as it currently stands with regard to the transmissibility of options to purchase and exclusivity clauses against singular successors of the landlord. (Part 1 was published in Property Law vol 49 pages 4-6) |
| 590 ## - LOCAL NOTE (RLIN) | |
| Local note | ABS |
| 650 ## - SUBJECT ADDED ENTRY--TOPICAL TERM | |
| Topical term or geographic name entry element | COMMERCIAL LEASES |
| 650 ## - SUBJECT ADDED ENTRY--TOPICAL TERM | |
| Topical term or geographic name entry element | MCCALL'S ENTERTAINMENTS (AYR) LTD V SOUTH AYRSHIRE COUNCIL |
| 650 ## - SUBJECT ADDED ENTRY--TOPICAL TERM | |
| Topical term or geographic name entry element | OPTICAL EXPRESS (GYLE) LTD V MARKS AND SPENCER PLC |
| 650 ## - SUBJECT ADDED ENTRY--TOPICAL TERM | |
| Topical term or geographic name entry element | SCOTTISH WHOLEFOODS COLLECTIVE WAREHOUSE V RAYE INVESTMENTS |
| 650 ## - SUBJECT ADDED ENTRY--TOPICAL TERM | |
| Topical term or geographic name entry element | SEA BREEZE PROPERTIES LTD V BIO-MEDICAL SYSTEMS LTD |
| 650 ## - SUBJECT ADDED ENTRY--TOPICAL TERM | |
| Topical term or geographic name entry element | SCOTLAND |
| 650 ## - SUBJECT ADDED ENTRY--TOPICAL TERM | |
| Topical term or geographic name entry element | TRADE DEVELOPMENT BANK V WARRINER AND MASON (SCOTLAND) LTD |
| 690 ## - LOCAL SUBJECT ADDED ENTRY--TOPICAL TERM (OCLC, RLIN) | |
| Topical term or geographic name as entry element | LANDLORD AND TENANT-LEASES |
| 942 ## - ADDED ENTRY ELEMENTS (KOHA) | |
| Suppress in OPAC | 0 |
| Withdrawn status | Lost status | Source of classification or shelving scheme | Damaged status | Not for loan | Home library | Current library | Shelving location | Date acquired | Total Checkouts | Full call number | Barcode | Date last seen | Copy number | Price effective from | Koha item type |
|---|---|---|---|---|---|---|---|---|---|---|---|---|---|---|---|
| Dewey Decimal Classification | London | London | Journal article | 04/05/2001 | ABS63883 | 112404-2001 | 06/08/2019 | 1 | 06/08/2019 | Journal article |